[Event "DEM U12/U12w 2006"]
[Site "Willingen GER"]
[Date "2006.06.04"]
[Round "2"]
[White "Pauly, Carlo"]
[Black "Kaphle, Sebastian"]
[Result "1/2-1/2"]
[Termination "normal"]
[Board "1"]
[WhiteElo "1577"]
[BlackElo "2064"]
[PlyCount "65"]
[WhiteFideId "24673269"]
[BlackFideId "24626708"]
[EventCountry "GER"]
[EventRounds "11"]
[EventType "swiss"]
[EventDate "2006.06.03"]

1. d4 Nf6 2. c4 c5 3. d5 e6 4. Nc3 exd5 5. cxd5 d6 6. e4 g6 7. Nf3 Bg7 8. Bd3
O-O 9. O-O Nbd7 10. Bf4 Qb6 11. Nb5 Ne8 12. a4 Ne5 13. Nxe5 Bxe5 14. Bxe5 dxe5
15. Qc2 a6 16. Na3 Nd6 17. Rac1 Bd7 18. Qxc5 Qxc5 19. Rxc5 Rac8 20. Rfc1 Bxa4
21. Rxc8 Rxc8 22. Rxc8+ Nxc8 23. Kf1 Nd6 24. Nc4 Nxc4 25. Bxc4 Kf8 26. Ke2 Ke7
27. g3 Kd6 28. b4 f5 29. f3 Bd7 30. Kd3 g5 31. Ke3 f4+ 32. gxf4 gxf4+ 33. Kd3
1/2-1/2

[Event "DEM U12/U12w 2006"]
[Site "Willingen GER"]
[Date "2006.06.04"]
[Round "2"]
[White "Berchtenbreiter, Maximilian"]
[Black "Mirke, Roy"]
[Result "0-1"]
[Termination "normal"]
[Board "2"]
[WhiteElo "1999"]
[BlackElo "1557"]
[PlyCount "85"]
[WhiteFideId "24641120"]
[BlackFideId "24647306"]
[EventCountry "GER"]
[EventRounds "11"]
[EventType "swiss"]
[EventDate "2006.06.03"]

1. e4 d5 2. exd5 Qxd5 3. Nc3 Qa5 4. d4 c6 5. Nf3 Bf5 6. Bd2 Qc7 7. Bc4 e6 8.
Qe2 Nf6 9. O-O-O Nbd7 10. Ne5 Bd6 11. g4 Bg6 12. h4 Nxe5 13. dxe5 Bxe5 14. h5
Bxh5 15. gxh5 O-O-O 16. Rhe1 Bd6 17. Ne4 Nxe4 18. Qxe4 h6 19. f4 Bc5 20. f5 Rd4
21. Qe2 exf5 22. Bd3 Qd7 23. Bc3 Rd6 24. Bxg7 Rh7 25. Qe8+ Qxe8 26. Rxe8+ Kd7
27. Bxf5+ Kxe8 28. Bxh7 Be3+ 29. Rd2 Bxd2+ 30. Kb1 Bg5 31. c4 f6 32. Bg6+ Ke7
33. c5 Rd8 34. Kc2 Rg8 35. Bxf6+ Kxf6 36. Bd3 Rd8 37. Bg6 Rd5 38. b4 b6 39. Be8
Re5 40. Bxc6 bxc5 41. b5 Ke7 42. a4 Kd6 43. a5 0-1

[Event "DEM U12/U12w 2006"]
[Site "Willingen GER"]
[Date "2006.06.04"]
[Round "2"]
[White "Babayev, Ramil"]
[Black "Wang, Zhangxian"]
[Result "1/2-1/2"]
[Termination "normal"]
[Board "3"]
[WhiteElo "1553"]
[BlackElo "1998"]
[PlyCount "149"]
[WhiteFideId "24664243"]
[EventCountry "GER"]
[EventRounds "11"]
[EventType "swiss"]
[EventDate "2006.06.03"]

1. e4 c6 2. d4 d5 3. exd5 cxd5 4. c4 Nf6 5. Nc3 g6 6. Qb3 Bg7 7. cxd5 O-O 8.
Be2 Na6 9. Bf3 Qb6 10. Qxb6 axb6 11. a3 Nb4 12. Bd1 Bg4 13. f3 Bf5 14. Nge2
Nd3+ 15. Kf1 Nb4 16. Kf2 Nfxd5 17. Nxd5 Nxd5 18. Re1 Nb4 19. Kg1 Rfd8 20. Bb3
Bc2 21. Ba2 Nd3 22. Rf1 Rac8 23. Kh1 b5 24. h3 b4 25. axb4 Nxb4 26. Bb1 Bxb1
27. Rxb1 Nc2 28. Bf4 Nxd4 29. Nxd4 Rxd4 30. Bg3 Rd2 31. Rf2 Rxf2 32. Bxf2 Rc2
33. Bh4 Bxb2 34. Bxe7 Rc1+ 35. Rxc1 Bxc1 36. Kg1 f5 37. Kf2 Kf7 38. Bb4 Ke6 39.
Ke2 Kd5 40. Kd3 f4 41. Kc3 Be3 42. Kd3 Bc5 43. Bc3 b5 44. Bg7 Bd6 45. Bb2 Bb4
46. Bg7 Be1 47. Bh6 Ke5 48. Bf8 Kf5 49. Be7 Ba5 50. Bh4 h6 51. Bf2 Kg5 52. Kc2
Bb4 53. Kb3 Bd2 54. Kc2 Be3 55. Be1 Kf5 56. Kb3 Bc5 57. Kc3 g5 58. Kd3 h5 59.
Kc3 g4 60. hxg4+ hxg4 61. Kd3 g3 62. Ba5 Be3 63. Bc7 Ke6 64. Kc3 Kd5 65. Kd3 b4
66. Bb8 Bc1 67. Kc2 Be3 68. Kd3 Kc5 69. Ba7+ Kb5 70. Bb8 Ka4 71. Bd6 b3 72. Kc3
Bc1 73. Kd3 Be3 74. Kc3 Bd4+ 75. Kd2 1/2-1/2

[Event "DEM U12/U12w 2006"]
[Site "Willingen GER"]
[Date "2006.06.04"]
[Round "2"]
[White "Bading, Kenneth"]
[Black "Friedrich, Wiede"]
[Result "0-1"]
[Termination "normal"]
[Board "4"]
[WhiteElo "1553"]
[BlackElo "1933"]
[PlyCount "66"]
[BlackFideId "24629537"]
[EventCountry "GER"]
[EventRounds "11"]
[EventType "swiss"]
[EventDate "2006.06.03"]

1. e4 c5 2. Nf3 d6 3. d4 cxd4 4. Nxd4 Nf6 5. Nc3 g6 6. Bc4 Bg7 7. Be3 O-O 8.
O-O Ng4 9. Qd2 Nc6 10. Nxc6 bxc6 11. h3 Nxe3 12. Qxe3 e6 13. Qd2 Rb8 14. Rab1
Qc7 15. Bb3 Ba6 16. Rfd1 Rfd8 17. Qe3 c5 18. a3 Qa5 19. g3 Rb7 20. Kg2 c4 21.
Ba2 Rbd7 22. Ne2 d5 23. e5 d4 24. Rxd4 Bb7+ 25. Kg1 Rxd4 26. Nxd4 Qd5 27. Qf3
Qd7 28. Qe2 Qxd4 29. Bxc4 Bxe5 30. Qd3 Qb6 31. Qe3 Qc6 32. Kf1 Qxc4+ 33. Kg1
Qc6 0-1

[Event "DEM U12/U12w 2006"]
[Site "Willingen GER"]
[Date "2006.06.04"]
[Round "2"]
[White "Zimmermann, Gordon"]
[Black "Hampel, Felix"]
[Result "0-1"]
[Termination "normal"]
[Board "5"]
[WhiteElo "1920"]
[BlackElo "1549"]
[PlyCount "136"]
[WhiteFideId "24624330"]
[BlackFideId "24668125"]
[EventCountry "GER"]
[EventRounds "11"]
[EventType "swiss"]
[EventDate "2006.06.03"]

1. e4 c5 2. Nf3 e6 3. d4 cxd4 4. Nxd4 Bc5 5. Nb3 Bb6 6. Bd3 Ne7 7. O-O O-O 8.
Nc3 f5 9. Bg5 f4 10. Qg4 Bc7 11. Qh4 Nbc6 12. e5 h6 13. Bxf4 Bxe5 14. Bd2 d5
15. Rae1 Bf6 16. Qg3 Kh8 17. f4 Nb4 18. a3 Nxd3 19. Qxd3 Nf5 20. Kh1 b6 21. Rf3
Re8 22. Re2 a5 23. a4 Bxc3 24. Bxc3 Ba6 25. Qd2 Bxe2 26. Qxe2 Rc8 27. Rh3 d4
28. Rd3 Qc7 29. Nxd4 Qxf4 30. Nf3 Qxa4 31. Ne5 Rc7 32. Qh5 Rec8 33. Rd2 Qe4 34.
Re2 Qd5 35. Rd2 Qb5 36. Kg1 Qe8 37. Qg4 Rd8 38. Qg6 Kg8 39. Rxd8 Qxd8 40. Qxe6+
Kh8 41. Qxf5 Kg8 42. Qe6+ Kh7 43. Qg6+ Kg8 44. Qd3 Qxd3 45. Nxd3 Kf7 46. Kf2
Ke6 47. Ke2 g5 48. Kd2 Rf7 49. Bd4 b5 50. Bb6 a4 51. Bc5 Kd5 52. Ke2 Rf5 53.
Bb4 Rf7 54. Nf2 Rf4 55. c3 Kc4 56. Bd6 Rf6 57. Ne4 Re6 58. Kf3 Kd5 59. Bf8 Rxe4
60. Bxh6 g4+ 61. Kf2 Kc4 62. h3 gxh3 63. gxh3 Kb3 64. Kf3 Rh4 65. Bg7 Rxh3+ 66.
Ke4 Rh5 67. Be5 Kxb2 68. c4+ Rxe5+ 0-1

[Event "DEM U12/U12w 2006"]
[Site "Willingen GER"]
[Date "2006.06.04"]
[Round "2"]
[White "Schindlbeck, Tobias"]
[Black "Dünzel, Jonas"]
[Result "0-1"]
[Termination "normal"]
[Board "6"]
[WhiteElo "1551"]
[BlackElo "1881"]
[PlyCount "136"]
[WhiteFideId "24615510"]
[BlackFideId "24631167"]
[EventCountry "GER"]
[EventRounds "11"]
[EventType "swiss"]
[EventDate "2006.06.03"]

1. e4 c5 2. Nf3 a6 3. d4 cxd4 4. Nxd4 Nf6 5. Nc3 e5 6. Nf3 Bb4 7. Bd2 Nc6 8.
Bd3 O-O 9. Qe2 d6 10. h3 Re8 11. O-O-O b5 12. g4 Be6 13. g5 Nd7 14. Nd5 Bc5 15.
Rdg1 Ne7 16. Nxe7+ Qxe7 17. Kb1 d5 18. h4 g6 19. h5 dxe4 20. Bxe4 Bc4 21. Qe1
Ra7 22. hxg6 fxg6 23. Rh2 Qf7 24. b3 Bd5 25. Rgh1 Nf8 26. Bc3 Bd6 27. Qe3 Bxe4
28. Qxe4 Qf5 29. Qd5+ Qe6 30. Rd1 Rd7 31. Qxe6+ Rxe6 32. Rh4 Rf7 33. Rh3 Nd7
34. Ne1 Nc5 35. f3 e4 36. b4 Na4 37. fxe4 Nxc3+ 38. Rxc3 Bxb4 39. Rc8+ Kg7 40.
c3 Be7 41. Nc2 Rxe4 42. Rc6 a5 43. Nd4 Bxg5 44. Nxb5 Rb7 45. Rc5 Be3 46. Rcd5
h5 47. Kc2 Re6 48. Nd6 Ra7 49. Re1 Rae7 50. Nc4 Bf4 51. Rxe6 Rxe6 52. Nxa5 Re2+
53. Kb3 h4 54. Rd1 h3 55. Nc6 h2 56. Nd4 Rg2 57. Nf3 Rf2 58. Nd4 Be5 59. Rh1 g5
60. Ne6+ Kf6 61. Nc5 Kf5 62. Nd3 Rg2 63. Nxe5 Kxe5 64. a4 g4 65. a5 Kd6 66. a6
Kc7 67. a7 Kb7 68. Ra1 Ka8 0-1

[Event "DEM U12/U12w 2006"]
[Site "Willingen GER"]
[Date "2006.06.04"]
[Round "2"]
[White "Bräuer, Franz"]
[Black "Davydov, Ruven"]
[Result "1-0"]
[Termination "normal"]
[Board "7"]
[WhiteElo "1878"]
[BlackElo "1532"]
[PlyCount "85"]
[WhiteFideId "24634468"]
[BlackFideId "24666068"]
[EventCountry "GER"]
[EventRounds "11"]
[EventType "swiss"]
[EventDate "2006.06.03"]

1. e4 c5 2. Nf3 e6 3. b3 Nf6 4. e5 Nd5 5. Bb2 Nc6 6. Bb5 Be7 7. O-O O-O 8. Re1
Qc7 9. Bxc6 Qxc6 10. d4 b6 11. c4 Nf4 12. Bc1 Ng6 13. d5 Qb7 14. Nc3 Qb8 15.
Bb2 Bb7 16. Qe2 Re8 17. d6 Bd8 18. Ne4 Bc6 19. Nfd2 Qb7 20. Qg4 Kh8 21. Re3 Nh4
22. Rh3 Nf5 23. Qh5 h6 24. Qxf7 Bh4 25. f3 Rf8 26. Qg6 Bd8 27. Nf6 Bxf6 28.
exf6 gxf6 29. Bxf6+ Rxf6 30. Qxf6+ Kh7 31. g4 Rg8 32. Kf2 Rg6 33. Qf7+ Rg7 34.
Qf6 Rg6 35. Qe5 Nd4 36. g5 Nf5 37. gxh6 Nxh6 38. Rg1 Rxg1 39. Kxg1 Qc8 40. Ne4
Bxe4 41. Qxe4+ Kg7 42. Rg3+ Kf8 43. Qh7 1-0

[Event "DEM U12/U12w 2006"]
[Site "Willingen GER"]
[Date "2006.06.04"]
[Round "2"]
[White "Gisy, Roberto"]
[Black "Hager, Joshua Aarash"]
[Result "0-1"]
[Termination "normal"]
[Board "8"]
[WhiteElo "1540"]
[BlackElo "1872"]
[PlyCount "128"]
[BlackFideId "24642789"]
[EventCountry "GER"]
[EventRounds "11"]
[EventType "swiss"]
[EventDate "2006.06.03"]

1. e4 c5 2. c3 d5 3. exd5 Qxd5 4. d4 Nf6 5. Nf3 Bg4 6. Be2 Nc6 7. c4 Qf5 8. d5
Nb4 9. Na3 O-O-O 10. Bd2 Nd3+ 11. Bxd3 Qxd3 12. Be3 Qxd1+ 13. Rxd1 b6 14. Nb5
Kb7 15. Rd3 Bxf3 16. gxf3 e6 17. Bg5 exd5 18. Bxf6 gxf6 19. Rxd5 Rxd5 20. cxd5
Rg8 21. Ke2 a6 22. Nc3 f5 23. Rd1 Bd6 24. h3 Rg2 25. Rf1 Be5 26. Rh1 Kc7 27.
Kf1 Rg6 28. Ke2 Kd6 29. Rd1 Rg2 30. Rd3 c4 31. Rd2 b5 32. Nd1 f4 33. Nc3 f5 34.
a3 Rh2 35. Rd1 Rxh3 36. Rg1 Bxc3 37. bxc3 Kxd5 38. Rg8 Rh6 39. Rf8 Ke5 40. Re8+
Re6 41. Rh8 Kf6+ 42. Kf1 Kg7 43. Rd8 Kg6 44. Rd4 Kg5 45. Rd7 h5 46. Rg7+ Rg6
47. Rf7 Rd6 48. Rg7+ Kh6 49. Ra7 h4 50. Kg2 Kg5 51. Rg7+ Rg6 52. Ra7 Rd6 53.
Rg7+ Kf6 54. Rh7 Rd3 55. Rxh4 Rxc3 56. Rh6+ Ke5 57. Rxa6 Rb3 58. Ra5 c3 59. Ra8
Kd5 60. Rd8+ Kc4 61. Rc8+ Kd3 62. Rc5 c2 63. Rd5+ Kc4 64. Rd8 Rc3 0-1

[Event "DEM U12/U12w 2006"]
[Site "Willingen GER"]
[Date "2006.06.04"]
[Round "2"]
[White "Kotainy, Jens"]
[Black "Miller, Eduard"]
[Result "1-0"]
[Termination "normal"]
[Board "9"]
[WhiteElo "1835"]
[BlackElo "1525"]
[PlyCount "77"]
[WhiteFideId "24670499"]
[BlackFideId "24687022"]
[EventCountry "GER"]
[EventRounds "11"]
[EventType "swiss"]
[EventDate "2006.06.03"]

1. e4 c5 2. c3 e6 3. d4 cxd4 4. cxd4 Nc6 5. Nc3 Qb6 6. Nf3 Nf6 7. Be2 Bb4 8.
Qd3 O-O 9. O-O d6 10. Bg5 Qd8 11. a3 Bxc3 12. bxc3 h6 13. Bh4 b6 14. Qe3 e5 15.
Bb5 Bb7 16. Bxc6 Bxc6 17. dxe5 dxe5 18. Nxe5 Bb7 19. Bxf6 Qxf6 20. Nd7 Qc6 21.
Nxf8 Rxf8 22. f3 Re8 23. Qd4 Rc8 24. Rac1 Qe6 25. Rfd1 Qa2 26. Qd6 Kh7 27. Rd2
Qb3 28. Qb4 Qe6 29. Rd6 Qe5 30. Qd4 Qa5 31. Rd7 Qxa3 32. Rd1 Bc6 33. Rxf7 Rg8
34. Rc7 Bb5 35. Qb4 Qa6 36. c4 Be8 37. Qe7 Qa4 38. Rd8 a6 39. Rcc8 1-0

[Event "DEM U12/U12w 2006"]
[Site "Willingen GER"]
[Date "2006.06.04"]
[Round "2"]
[White "Schmitz, Stefan"]
[Black "Zier, Oliver"]
[Result "0-1"]
[Termination "normal"]
[Board "10"]
[WhiteElo "1526"]
[BlackElo "1823"]
[PlyCount "72"]
[WhiteFideId "4625730"]
[BlackFideId "24631906"]
[EventCountry "GER"]
[EventRounds "11"]
[EventType "swiss"]
[EventDate "2006.06.03"]

1. e4 c5 2. Nf3 e6 3. d4 cxd4 4. Nxd4 Nf6 5. Nc3 Nc6 6. Ndb5 Bb4 7. Bg5 Qa5 8.
Bxf6 gxf6 9. a3 Bxc3+ 10. Nxc3 O-O 11. Be2 Kh8 12. Qd2 Rg8 13. O-O f5 14. Qh6
Qe5 15. f4 Qd4+ 16. Kh1 fxe4 17. Qh3 d5 18. Rad1 Qg7 19. b3 Nd4 20. Rd2 e5 21.
f5 Bxf5 22. Rxf5 Nxf5 23. Nxd5 Qg5 24. Rd1 Rad8 25. Rf1 Nh4 26. Ne3 Rd2 27. Bg4
f5 28. Bxf5 Nxf5 29. Rxf5 Re2 30. g3 Qxe3 31. Rf7 Qc1+ 32. Rf1 Re1 33. Rxe1
Qxe1+ 34. Kg2 Rf8 35. g4 Qf1+ 36. Kg3 Qf2# 0-1

[Event "DEM U12/U12w 2006"]
[Site "Willingen GER"]
[Date "2006.06.04"]
[Round "2"]
[White "Braun, Georg"]
[Black "Marquardt, Patrick"]
[Result "1-0"]
[Termination "normal"]
[Board "11"]
[WhiteElo "1774"]
[BlackElo "1505"]
[PlyCount "89"]
[WhiteFideId "24629383"]
[BlackFideId "4670086"]
[EventCountry "GER"]
[EventRounds "11"]
[EventType "swiss"]
[EventDate "2006.06.03"]

1. e4 c5 2. Nf3 Nc6 3. d4 cxd4 4. Nxd4 g6 5. c4 Nf6 6. Nc3 Bg7 7. Be3 d6 8. Be2
O-O 9. O-O Bd7 10. f4 Qb6 11. Nf5 Qxb2 12. Na4 Qa3 13. Bc1 Qb4 14. a3 Qa5 15.
Nxg7 Kxg7 16. Bb2 Rad8 17. Qb3 Kg8 18. Bc3 Qc7 19. Bf3 Na5 20. Bxa5 Qxa5 21.
Nc3 Rc8 22. Nd5 Nxd5 23. cxd5 Qb5 24. Qxb5 Bxb5 25. Rfc1 Rc5 26. Rxc5 dxc5 27.
Rc1 Rc8 28. Bg4 Rc7 29. e5 Kf8 30. d6 exd6 31. exd6 Rc6 32. Bd7 Rb6 33. Bxb5
Rxb5 34. Re1 Rb6 35. d7 Rd6 36. Re8+ Kg7 37. d8=Q Rxd8 38. Rxd8 c4 39. Rc8 b5
40. a4 a6 41. axb5 axb5 42. Rc5 b4 43. Rxc4 b3 44. Rb4 b2 45. Rxb2 1-0

[Event "DEM U12/U12w 2006"]
[Site "Willingen GER"]
[Date "2006.06.04"]
[Round "2"]
[White "Iwanziw, Niklas"]
[Black "Sarchisov, Slavik"]
[Result "0-1"]
[Termination "normal"]
[Board "12"]
[WhiteElo "1515"]
[BlackElo "1695"]
[PlyCount "46"]
[WhiteFideId "24647101"]
[BlackFideId "24647888"]
[EventCountry "GER"]
[EventRounds "11"]
[EventType "swiss"]
[EventDate "2006.06.03"]

1. d4 d6 2. c4 Nf6 3. Nc3 g6 4. e4 Bg7 5. Be2 O-O 6. Nf3 e5 7. O-O Nc6 8. d5
Ne7 9. b4 Nh5 10. Re1 f5 11. Ng5 Nf6 12. f3 h6 13. Ne6 Bxe6 14. dxe6 Nc6 15. c5
dxc5 16. Bc4 Qe7 17. b5 Na5 18. Nd5 Nxd5 19. Bxd5 c6 20. bxc6 bxc6 21. Bb3 c4
22. Bd2 cxb3 23. Bxa5 Qc5+ 0-1

[Event "DEM U12/U12w 2006"]
[Site "Willingen GER"]
[Date "2006.06.04"]
[Round "2"]
[White "Wittke, Rene"]
[Black "Rosenkranz, Christian"]
[Result "1/2-1/2"]
[Termination "normal"]
[Board "13"]
[WhiteElo "1687"]
[BlackElo "1495"]
[PlyCount "34"]
[WhiteFideId "24640255"]
[BlackFideId "24674494"]
[EventCountry "GER"]
[EventRounds "11"]
[EventType "swiss"]
[EventDate "2006.06.03"]

1. e4 d5 2. exd5 Qxd5 3. Nc3 Qd6 4. d4 Nf6 5. Be2 a6 6. Nf3 b5 7. a3 Bb7 8. Bg5
Nbd7 9. Qd2 e6 10. Bf4 Qb6 11. Rg1 c5 12. Bg3 cxd4 13. Nxd4 Nc5 14. Rd1 Nce4
15. Nxe4 Nxe4 16. Qe3 Nxg3 17. Qxg3 Rd8 1/2-1/2

[Event "DEM U12/U12w 2006"]
[Site "Willingen GER"]
[Date "2006.06.04"]
[Round "2"]
[White "Veit, Björn"]
[Black "Kropman, Alexei"]
[Result "0-1"]
[Termination "normal"]
[Board "14"]
[WhiteElo "1500"]
[BlackElo "1669"]
[PlyCount "76"]
[WhiteFideId "24600717"]
[BlackFideId "24670723"]
[EventCountry "GER"]
[EventRounds "11"]
[EventType "swiss"]
[EventDate "2006.06.03"]

1. e4 e6 2. d4 d5 3. Nc3 Bb4 4. e5 c5 5. Nf3 Qc7 6. Bf4 Bd7 7. Bd3 cxd4 8. a3
Ba5 9. b4 dxc3 10. bxa5 Ne7 11. a6 Nxa6 12. Bxa6 bxa6 13. O-O Ng6 14. Bg3 O-O
15. Rb1 Bb5 16. Re1 Rfd8 17. Qd4 Qa5 18. Rb3 Rdc8 19. Re3 Rc4 20. Qd3 Rac8 21.
Nd4 R8c7 22. Ne2 Ra4 23. Qd1 Bxe2 24. Qxe2 h6 25. f3 Rxa3 26. Rxa3 Qxa3 27. Be1
d4 28. Rd3 Nf4 29. Qe4 Nxd3 30. Qxd3 Qc5 31. Bf2 Qc4 32. Qxd4 Qxd4 33. Bxd4 a5
34. Be3 a4 35. Bc1 Rb7 36. Kf2 Rb1 37. Ba3 Rb3 38. cxb3 axb3 0-1

[Event "DEM U12/U12w 2006"]
[Site "Willingen GER"]
[Date "2006.06.04"]
[Round "2"]
[White "Klek, Hanna Marie"]
[Black "Stark, Saskia"]
[Result "1-0"]
[Termination "normal"]
[Board "15"]
[WhiteElo "1668"]
[BlackElo "1484"]
[PlyCount "47"]
[WhiteFideId "24670057"]
[BlackFideId "4601050"]
[EventCountry "GER"]
[EventRounds "11"]
[EventType "swiss"]
[EventDate "2006.06.03"]

1. e4 c5 2. Nf3 e6 3. d4 cxd4 4. Nxd4 Nc6 5. Be3 a6 6. Nc3 Nge7 7. Qd2 Nxd4 8.
Bxd4 Nc6 9. Be3 Be7 10. f3 b5 11. O-O-O O-O 12. g4 Qa5 13. Kb1 Ne5 14. Qf2 Bb4
15. Bb6 Bxc3 16. Bxa5 Bxa5 17. Bd3 Rd8 18. h3 Bb7 19. f4 Nxd3 20. cxd3 f5 21.
gxf5 exf5 22. Qd4 fxe4 23. Rhg1 g6 24. f5 1-0

[Event "DEM U12/U12w 2006"]
[Site "Willingen GER"]
[Date "2006.06.04"]
[Round "2"]
[White "Lindner, Sebastian"]
[Black "Göbel, Constantin"]
[Result "0-1"]
[Termination "normal"]
[Board "16"]
[WhiteElo "1496"]
[BlackElo "1639"]
[PlyCount "72"]
[WhiteFideId "4670221"]
[BlackFideId "24647071"]
[EventCountry "GER"]
[EventRounds "11"]
[EventType "swiss"]
[EventDate "2006.06.03"]

1. d4 d5 2. c4 e6 3. Nc3 c6 4. Nf3 Nf6 5. Bg5 h6 6. Bh4 dxc4 7. a4 Bb4 8. e4 g5
9. Nxg5 hxg5 10. Bxg5 b5 11. axb5 cxb5 12. e5 Nbd7 13. exf6 Bb7 14. Bd2 a6 15.
d5 Bxc3 16. Bxc3 Bxd5 17. Qg4 Qc7 18. h4 Qb7 19. h5 O-O-O 20. f3 Nc5 21. Be2
Rdg8 22. Qg7 Qc7 23. h6 Qg3+ 24. Qxg3 Rxg3 25. Kf2 Rg6 26. h7 Kb7 27. Bb4 Nd7
28. Bd1 Rxf6 29. Bc3 e5 30. Rh5 Re6 31. Bc2 f6 32. Rd1 Kc6 33. f4 Re7 34. g4
Be6 35. Rh4 f5 36. Kg3 Rexh7 0-1

[Event "DEM U12/U12w 2006"]
[Site "Willingen GER"]
[Date "2006.06.04"]
[Round "2"]
[White "Wendling, Florian"]
[Black "Volz, Daniel"]
[Result "0-1"]
[Termination "normal"]
[Board "17"]
[WhiteElo "1628"]
[BlackElo "1455"]
[PlyCount "60"]
[WhiteFideId "24640212"]
[BlackFideId "4661125"]
[EventCountry "GER"]
[EventRounds "11"]
[EventType "swiss"]
[EventDate "2006.06.03"]

1. e4 c5 2. Nf3 e6 3. d4 cxd4 4. Nxd4 d6 5. c4 a6 6. Nc3 Nf6 7. Be3 Be7 8. Be2
O-O 9. O-O Bd7 10. Qd2 Nc6 11. Rfd1 Qc7 12. f4 Rfd8 13. Rac1 Rac8 14. h3 Nxd4
15. Bxd4 Bc6 16. Qe3 Nd7 17. b4 b6 18. b5 Bb7 19. Qg3 Bf6 20. Bxf6 Nxf6 21. Qe3
a5 22. Na4 Nd7 23. e5 dxe5 24. fxe5 Kf8 25. c5 bxc5 26. Nxc5 Nxc5 27. Rxd8+
Qxd8 28. Rxc5 Kg8 29. a4 Kf8 30. Qc3 Qb6 0-1

[Event "DEM U12/U12w 2006"]
[Site "Willingen GER"]
[Date "2006.06.04"]
[Round "2"]
[White "Thanabalasingam, Ajandhan"]
[Black "Neumair, Jerome"]
[Result "0-1"]
[Termination "normal"]
[Board "18"]
[WhiteElo "1488"]
[BlackElo "1596"]
[PlyCount "50"]
[WhiteFideId "24601659"]
[BlackFideId "24672637"]
[EventCountry "GER"]
[EventRounds "11"]
[EventType "swiss"]
[EventDate "2006.06.03"]

1. e4 e6 2. d4 d5 3. Nc3 Nf6 4. Bg5 Be7 5. e5 Nfd7 6. Bxe7 Qxe7 7. Nf3 a6 8.
Bd3 c5 9. Ne2 c4 10. O-O cxd3 11. Qxd3 Nc6 12. c3 O-O 13. h3 f6 14. exf6 Nxf6
15. Rfe1 Bd7 16. Ng3 Ne8 17. Re3 Nc7 18. Rae1 Rae8 19. Ne5 Nxe5 20. Rxe5 Qf6
21. Qe2 Bb5 22. Qd2 Qf4 23. Qc2 g6 24. a4 Bd7 25. Qe2 Bxa4 0-1

[Event "DEM U12/U12w 2006"]
[Site "Willingen GER"]
[Date "2006.06.04"]
[Round "2"]
[White "Rieping, Heiner"]
[Black "Sancar, Alina"]
[Result "1/2-1/2"]
[Termination "normal"]
[Board "19"]
[WhiteElo "1591"]
[BlackElo "1330"]
[PlyCount "102"]
[WhiteFideId "24647012"]
[BlackFideId "4624750"]
[EventCountry "GER"]
[EventRounds "11"]
[EventType "swiss"]
[EventDate "2006.06.03"]

1. e4 e5 2. Nf3 Nc6 3. Bc4 Bc5 4. c3 Nf6 5. d4 exd4 6. cxd4 Bb4+ 7. Nc3 Nxe4 8.
O-O Nxc3 9. bxc3 d5 10. cxb4 dxc4 11. Re1+ Ne7 12. Qe2 Be6 13. Bb2 h6 14. Rad1
O-O 15. Ne5 Nd5 16. Nxc4 Re8 17. Qd2 Nb6 18. Nxb6 axb6 19. a3 Bd5 20. Rxe8+
Qxe8 21. Re1 Qc6 22. f3 Re8 23. Rc1 Qg6 24. Kf2 c6 25. a4 Bb3 26. a5 bxa5 27.
bxa5 Qh5 28. h3 Qh4+ 29. Kf1 Bd5 30. Qf2 Qf4 31. Rc3 Qf5 32. Qd2 Qe6 33. Kf2
Qd6 34. Ba3 Qf6 35. Re3 Rxe3 36. Qxe3 Qe6 37. Qf4 Qe8 38. Qc7 Qa8 39. Ke3 Qe8+
40. Qe7 Qxe7+ 41. Bxe7 g5 42. f4 gxf4+ 43. Kxf4 Bxg2 44. h4 Kg7 45. Ke5 Bf1 46.
Kf5 Bd3+ 47. Kg4 Kg6 48. Bf8 f5+ 49. Kf4 h5 50. Bd6 Kf6 51. Bc5 Bc2 1/2-1/2

[Event "DEM U12/U12w 2006"]
[Site "Willingen GER"]
[Date "2006.06.04"]
[Round "2"]
[White "Kusmierek, Kasper"]
[Black "Mons, Leon"]
[Result "0-1"]
[Termination "normal"]
[Board "20"]
[WhiteElo "1475"]
[BlackElo "1588"]
[PlyCount "42"]
[BlackFideId "4614950"]
[EventCountry "GER"]
[EventRounds "11"]
[EventType "swiss"]
[EventDate "2006.06.03"]

1. e4 e5 2. Nc3 Bc5 3. f4 d6 4. Nf3 Nc6 5. Bb5 Bb6 6. fxe5 dxe5 7. Nxe5 Qd4 8.
Nd3 Nf6 9. Qf3 O-O 10. Nf2 Ne5 11. Qe2 c6 12. Ba4 Nfg4 13. Nxg4 Bxg4 14. Qe3
Qd6 15. Qg3 f5 16. Bb3+ Kh8 17. d3 f4 18. Bxf4 Rxf4 19. Kd2 Raf8 20. h3 Rf2+
21. Ke1 Nf3+ 0-1

[Event "DEM U12/U12w 2006"]
[Site "Willingen GER"]
[Date "2006.06.04"]
[Round "2"]
[White "Petkidis, Anthony"]
[Black "Dauer, Maximilian"]
[Result "1-0"]
[Termination "normal"]
[Board "21"]
[WhiteElo "1585"]
[BlackElo "1260"]
[PlyCount "29"]
[EventCountry "GER"]
[EventRounds "11"]
[EventType "swiss"]
[EventDate "2006.06.03"]

1. e4 e6 2. Nf3 d5 3. Nc3 c5 4. Bb5+ Bd7 5. exd5 Bxb5 6. Nxb5 a6 7. dxe6 axb5
8. exf7+ Kxf7 9. Ne5+ Ke7 10. Qe2 Kf6 11. d4 Qc7 12. Qf3+ Ke6 13. d5+ Kd6 14.
Nf7+ Ke7 15. d6+ 1-0

[Event "DEM U12/U12w 2006"]
[Site "Willingen GER"]
[Date "2006.06.04"]
[Round "2"]
[White "Matschewsky, Justus"]
[Black "Schulz, Anja"]
[Result "0-1"]
[Termination "normal"]
[Board "22"]
[WhiteElo "1449"]
[BlackElo "1585"]
[PlyCount "32"]
[WhiteFideId "24678708"]
[BlackFideId "24647845"]
[EventCountry "GER"]
[EventRounds "11"]
[EventType "swiss"]
[EventDate "2006.06.03"]

1. e4 c5 2. Nf3 Nc6 3. d4 cxd4 4. Nxd4 g6 5. Nc3 Bg7 6. Be3 Nf6 7. f3 O-O 8.
Qd2 d5 9. O-O-O Nxd4 10. Bxd4 dxe4 11. fxe4 Be6 12. Bc5 Qc7 13. Ba3 Ng4 14. Re1
Bh6 15. Nb5 Bxd2+ 16. Kxd2 Qf4+ 0-1

[Event "DEM U12/U12w 2006"]
[Site "Willingen GER"]
[Date "2006.06.04"]
[Round "2"]
[White "Ma, Beini"]
[Black "Chernova, Margarita"]
[Result "1-0"]
[Termination "normal"]
[Board "23"]
[WhiteElo "1960"]
[BlackElo "1248"]
[PlyCount "95"]
[WhiteFideId "24630101"]
[EventCountry "GER"]
[EventRounds "11"]
[EventType "swiss"]
[EventDate "2006.06.03"]

1. e4 e5 2. Nf3 Nc6 3. Bb5 a6 4. Ba4 d6 5. c3 Bd7 6. d4 b5 7. Bb3 Be7 8. O-O
Nf6 9. Re1 Bg4 10. d5 Nb8 11. h3 Bh5 12. Nbd2 c6 13. Nf1 Bg6 14. Ng3 Qc7 15.
Bg5 h6 16. Bxf6 Bxf6 17. dxc6 Nxc6 18. a4 O-O 19. axb5 axb5 20. Qd5 Qb6 21.
Qxd6 Be7 22. Qd2 Rfd8 23. Bd5 Rxa1 24. Rxa1 h5 25. h4 Na5 26. Qe2 Kf8 27. Nxe5
Bxh4 28. Nxg6+ fxg6 29. Qf3+ Bf6 30. e5 h4 31. Ne2 Qc5 32. exf6 Qxd5 33. fxg7+
Kxg7 34. Qxd5 Rxd5 35. Rxa5 Rd1+ 36. Kh2 Rd2 37. Nd4 Rxb2 38. Rxb5 Rxf2 39. Nf3
Rc2 40. Rc5 Kf6 41. Nxh4 g5 42. Nf3 g4 43. Ne5 Kf5 44. Kg3 Re2 45. Nxg4+ Ke4
46. Re5+ Kd3 47. Rxe2 Kxe2 48. c4 1-0